| 000 | 00465nam a2200157 i 4500 | ||
|---|---|---|---|
| 001 | 102251 | ||
| 003 | ES-MaACL | ||
| 005 | 20230906183053.0 | ||
| 007 | t| | ||
| 008 | 051107s1959 sp ||||1| spa d | ||
| 100 | 0 |
_aMendoza Carreño, Manuel. _980258 |
|
| 245 | 1 | 0 |
_aFlor de ilusiones _b: (Verso y prosa) / _cManuel Mendoza Carreño. |
| 260 |
_aPriego (Córdoba) : _bGráf. Arroyo, _c1959. |
||
| 300 |
_a208 p. ; _c22 cm. |
||
| 852 |
_aES-MaACL _jC-17224 _bR.45423 |
||
| 999 |
_c102251 _d102251 |
||